000 00597nam a2200205 a 4500
005 20240810063838.0
008 090319s2007 es r 000 0 spa d
020 _a9788467516067
035 _aUPN01000169942
049 _aCG
050 4 _aPQ6669 I3.7
_bD5.3
100 1 _aSierra i Fabra, Jordi,
_d1947-
_930256
245 1 4 _aLos dientes del dragón /
_cJordi Sierra i Fabra.
260 _aMadrid :
_bSM,
_c2007.
300 _a152 p.
440 0 _aGran angular ;
_v79.
_pAlerta roja
650 4 _aNovela española
_910814
650 4 _aPROSTITUCION INFANTIL -
_vNOVELA
_915977
905 _aLibro
999 _c142048
_d142048